| 000 | 00669nam a2200181 a 4500 | ||
|---|---|---|---|
| 001 | 000034479 | ||
| 005 | 20200930073725.0 | ||
| 008 | 111005s2010 sp 000 0 spa d | ||
| 020 | _a9788478983308 | ||
| 040 |
_aDO-SdBNP _bspa _cBNPHU |
||
| 082 |
_axxx _bM578g |
||
| 100 | 1 |
_aMesa González, Cinta _959919 |
|
| 245 | 1 | 0 |
_aGeografía de experiencias : _bla recuperación del pasado en los espacios textuales de dos autoras latinoaméricanas / _cCinta Mesa González. |
| 260 |
_aSevilla : _bEdiciones Alfar, _c2010. |
||
| 300 |
_a122 p. ; _c23 cm. |
||
| 500 | _aIncluye datos biográficos de la autora en la contraportada | ||
| 500 | _aIncluye notas al pie de las páginas | ||
| 999 |
_c33970 _d33970 |
||